Detalles MARC
| 000 -CABECERA |
| campo de control de longitud fija |
01974nam a2200325 a 4500 |
| 001 - NÚMERO DE CONTROL |
| campo de control |
000038017 |
| 003 - IDENTIFICADOR DEL NÚMERO DE CONTROL |
| campo de control |
DO-SdBPM |
| 005 - FECHA Y HORA DE LA ÚLTIMA TRANSACCIÓN |
| campo de control |
20251010140744.0 |
| 007 - CAMPO FIJO DE DESCRIPCIÓN FÍSICA--INFORMACIÓN GENERAL |
| campo de control de longitud fija |
ta |
| 008 - DATOS DE LONGITUD FIJA--INFORMACIÓN GENERAL |
| campo de control de longitud fija |
130312s2018 dr a r 000 0 spa d |
| 040 ## - FUENTE DE LA CATALOGACIÓN |
| Centro catalogador/agencia de origen |
DO-SdBPM |
| Lengua de catalogación |
spa |
| Centro/agencia transcriptor |
BPMSU |
| Centro/agencia modificador |
rda |
| 082 #4 - NÚMERO DE LA CLASIFICACIÓN DECIMAL DEWEY |
| Número de clasificación |
363.7293 |
| Número de documento/Ítem |
R426m 2018 |
| Número de edición |
22 |
| 110 1# - ENTRADA PRINCIPAL--NOMBRE DE ENTIDAD CORPORATIVA |
| Nombre de entidad corporativa o nombre de jurisdicción como elemento de entrada |
República Dominicana. |
| Unidad subordinada |
Oficina Nacional de Estadísticas |
| 245 10 - MENCIÓN DE TÍTULO |
| Título |
Metodología para la medición del déficit habitacional en República Dominicana 2018 |
| Mención de responsabilidad, etc. |
|
| 260 ## - PUBLICACIÓN, DISTRIBUCIÓN, ETC. |
| Fecha de publicación, distribución, etc. |
|
| 264 ## - PRODUCCIÓN, PUBLICACIÓN, DISTRIBUCIÓN, FABRICACIÓN Y COPYRIGHT |
| Producción, publicación, distribución, fabricación y copyright |
Santo Domingo : |
| Nombre del de productor, editor, distribuidor, fabricante |
Ministerio de Economía, Planificación y Desarrollo (MEPyD) |
| Fecha de producción, publicación, distribución, fabricación o copyright |
2018 |
| 300 ## - DESCRIPCIÓN FÍSICA |
| Extensión |
65 páginas : |
| Otras características físicas |
ilustraciones ; |
| Dimensiones |
68 cm. |
| 336 ## - TIPO DE CONTENIDO |
| Término de tipo de contenido |
texto |
| Código de tipo de contenido |
txt |
| Fuente |
rdacontent |
| 337 ## - TIPO DE MEDIO |
| Nombre/término del tipo de medio |
sin mediación |
| Código del tipo de medio |
n |
| Fuente |
rdamedia |
| 338 ## - TIPO DE SOPORTE |
| Nombre/término del tipo de soporte |
volumen |
| Código del tipo de soporte |
nc |
| Fuente |
rdacarrier |
| 505 0# - NOTA DE CONTENIDO CON FORMATO |
| Nota de contenido con formato |
Presentación 9 -- Aspectos conceptuales de la situación habitacional y disponibilidad de servicios en las viviendas 11 -- Antecedentes 13 -- Fuente de datos 13 -- Objetivos 14 -- Metodología 14 -- Resultados 17 -- Características estructurales de las viviendas 17 -- Contaminación ambiental 23 -- Combustible utilizado para cocinar 27 -- Provisión de energía eléctrica 29 -- Disponibilidad y uso del servicio sanitario 32 -- Provisión de agua potable por red pública dentro de la vivienda 36 -- Recolección de basura 39 -- Equipamiento del hogar 41 -- Seguridad en la tenencia de la vivienda 46 -- Hacinamiento del hogar 49 -- Caracterización de la población en condiciones desfavorables de vida 54 -- Conclusiones 63 -- Bibliografía 65. |
| 590 ## - NOTA LOCAL (RLIN) |
| Nota local |
Inventariado, 2025 / VM |
| 650 7# - PUNTO DE ACCESO ADICIONAL DE MATERIA--TÉRMINO DE MATERIA |
| Término de materia o nombre geográfico como elemento de entrada |
Vivienda |
| Subdivisión geográfica |
República Dominicana |
| Subdivisión general |
Estadísticas |
| 650 7# - PUNTO DE ACCESO ADICIONAL DE MATERIA--TÉRMINO DE MATERIA |
| Término de materia o nombre geográfico como elemento de entrada |
Encuestas de viviendas |
| Subdivisión geográfica |
República Dominicana |
| Subdivisión de forma |
Estadísticas |
| Subdivisión general |
|
| 700 1# - PUNTO DE ACCESO ADICIONAL--NOMBRE DE PERSONA |
| Nombre de persona |
Cáceres Ureña, Francisco I. |
| Término indicativo de función/relación |
editor |
| 700 1# - PUNTO DE ACCESO ADICIONAL--NOMBRE DE PERSONA |
| Nombre de persona |
Martínez, Mildred G., |
| Término indicativo de función/relación |
editor |
| 710 1# - PUNTO DE ACCESO ADICIONAL--NOMBRE DE ENTIDAD CORPORATIVA |
| Nombre de entidad corporativa o nombre de jurisdicción como elemento de entrada |
República Dominicana |
| Unidad subordinada |
Instituto Nacional de la Vivienda (INVI) |
| 910 ## - DATOS DE OPCIÓN DEL USUARIO (OCLC) |
| Datos de opción del usuario |
VMateo V. Control de Calidad. BPMSU |
| 942 ## - ELEMENTOS DE PUNTO DE ACCESO ADICIONAL (KOHA) |
| Fuente del sistema de clasificación o colocación |
Dewey Decimal Classification |
| Tipo de ítem Koha |
Libros |